Investigation on the degradation mechanism for GaN cascode device under repetitive hard-switching stress / (Record no. 19309)
[ view plain ]
| 000 -LEADER | |
|---|---|
| fixed length control field | 01263nam a22002897a 4500 |
| 003 - CONTROL NUMBER IDENTIFIER | |
| control field | OSt |
| 005 - DATE AND TIME OF LATEST TRANSACTION | |
| control field | 20250911165944.0 |
| 008 - FIXED-LENGTH DATA ELEMENTS--GENERAL INFORMATION | |
| fixed length control field | 240222b ||||| |||| 00| 0 eng d |
| 040 ## - CATALOGING SOURCE | |
| Transcribing agency | 0 |
| 082 ## - DEWEY DECIMAL CLASSIFICATION NUMBER | |
| Classification number | DPer 621.317 Ie21 May 2022 v. 37 n. 5 |
| 100 ## - MAIN ENTRY--PERSONAL NAME | |
| Personal name | Zhang, Chi. |
| Relator term | author. |
| 9 (RLIN) | 53122 |
| 245 ## - TITLE STATEMENT | |
| Title | Investigation on the degradation mechanism for GaN cascode device under repetitive hard-switching stress / |
| Statement of responsibility, etc. | Chi Zhang, Siyang Liu, Sheng Li, Yanfeng Ma, Weihao Lu, Jingwen Huang, Weifeng Sun, Zhuo Yang, Yuanzheng Zhu, and Lihua Ni. |
| 260 ## - PUBLICATION, DISTRIBUTION, ETC. (IMPRINT) | |
| Place of publication, distribution, etc. | New York ; |
| Name of publisher, distributor, etc. | The Institute of Electrical and Electronics Engineers, Inc. , |
| Date of publication, distribution, etc. | May 2022. |
| 300 ## - PHYSICAL DESCRIPTION | |
| Extent | Volume 37, pages 6009-6017 : |
| Other physical details | illustration ; |
| Dimensions | 28 cm. |
| 500 ## - GENERAL NOTE | |
| General note | IEEE Transactions on Power Electronics, vol. 37, no. 5, pages 6009-6017, May 2022. |
| 700 ## - ADDED ENTRY--PERSONAL NAME | |
| Personal name | Zhang, Chi. |
| Relator term | author. |
| 9 (RLIN) | 53122 |
| 700 ## - ADDED ENTRY--PERSONAL NAME | |
| Personal name | Liu, Siyang. |
| Relator term | author. |
| 9 (RLIN) | 53123 |
| 700 ## - ADDED ENTRY--PERSONAL NAME | |
| Personal name | Li, Sheng. |
| Relator term | author. |
| 9 (RLIN) | 53124 |
| 700 ## - ADDED ENTRY--PERSONAL NAME | |
| Personal name | Ma, Yanfeng. |
| Relator term | author. |
| 9 (RLIN) | 53125 |
| 700 ## - ADDED ENTRY--PERSONAL NAME | |
| Personal name | Lu, Weihao. |
| Relator term | author. |
| 9 (RLIN) | 53126 |
| 700 ## - ADDED ENTRY--PERSONAL NAME | |
| Personal name | Huang, Jingwen. |
| Relator term | author. |
| 9 (RLIN) | 53127 |
| 700 ## - ADDED ENTRY--PERSONAL NAME | |
| Personal name | Sun, Weifeng. |
| Relator term | author. |
| 9 (RLIN) | 53128 |
| 700 ## - ADDED ENTRY--PERSONAL NAME | |
| Personal name | Yang, Zhuo. |
| Relator term | author. |
| 9 (RLIN) | 53129 |
| 700 ## - ADDED ENTRY--PERSONAL NAME | |
| Personal name | Zhu, Yuanzheng. |
| Relator term | author. |
| 9 (RLIN) | 53130 |
| 700 ## - ADDED ENTRY--PERSONAL NAME | |
| Personal name | Ni, Lihua. |
| Relator term | author. |
| 9 (RLIN) | 53131 |
| 942 ## - ADDED ENTRY ELEMENTS (KOHA) | |
| Source of classification or shelving scheme | Dewey Decimal Classification |
| Koha item type | Periodicals |
| Withdrawn status | Lost status | Source of classification or shelving scheme | Damaged status | Not for loan | Collection code | Home library | Current library | Date acquired | Total Checkouts | Full call number | Date last seen | Price effective from | Koha item type | Public note |
|---|---|---|---|---|---|---|---|---|---|---|---|---|---|---|
| Dewey Decimal Classification | Periodicals | UM Digos College - LIC | UM Digos College - LIC | 02/22/2024 | DPer 621.317 Ie21 May 2022 v. 37 n. 5 | 02/22/2024 | 02/22/2024 | Periodicals | Periodical Article |
